Évaluation quantitative sensorielle thermique auprès de 251 patients atteints du syndrome de fibromyalgie (notice n° 1532963)
[ vue normale ]
| 000 -LEADER | |
|---|---|
| fixed length control field | 00613cam a2200169 4500500 |
| 005 - DATE AND TIME OF LATEST TRANSACTION | |
| control field | 20251012015707.0 |
| 041 ## - LANGUAGE CODE | |
| Language code of text/sound track or separate title | fre |
| 042 ## - AUTHENTICATION CODE | |
| Authentication code | dc |
| 100 10 - MAIN ENTRY--PERSONAL NAME | |
| Personal name | Qin, D. |
| Relator term | author |
| 245 00 - TITLE STATEMENT | |
| Title | Évaluation quantitative sensorielle thermique auprès de 251 patients atteints du syndrome de fibromyalgie |
| 260 ## - PUBLICATION, DISTRIBUTION, ETC. | |
| Date of publication, distribution, etc. | 2015.<br/> |
| 500 ## - GENERAL NOTE | |
| General note | 23 |
| 700 10 - ADDED ENTRY--PERSONAL NAME | |
| Personal name | De Wilde, V.-A. |
| Relator term | author |
| 700 10 - ADDED ENTRY--PERSONAL NAME | |
| Personal name | Masquelier, E. |
| Relator term | author |
| 786 0# - DATA SOURCE ENTRY | |
| Note | Douleur et analgésie | 28 | 4 | 2015-12-01 | p. 179-185 | 1011-288X |
| 856 41 - ELECTRONIC LOCATION AND ACCESS | |
| Uniform Resource Identifier | <a href="https://shs.cairn.info/revue-douleur-et-analgesie-2015-4-page-179?lang=fr&redirect-ssocas=7080">https://shs.cairn.info/revue-douleur-et-analgesie-2015-4-page-179?lang=fr&redirect-ssocas=7080</a> |
Pas d'exemplaire disponible.




Réseaux sociaux